000 00347 a2200157 4500
001 156707
020 _a1405003537
040 _cEscola São Tomás de Aquino
100 _aGARTON- SPRENGER, Judy
240 1 0 _aL. A. Adventure
_leng
245 1 0 _aL. A. Adventure
300 _a24
362 0 _a2002
697 _aLíngua inglesa
942 _cBK
999 _c156707
_d156707